<?xml version="1.0" encoding="UTF-8"?>
<collection xmlns="http://www.loc.gov/MARC21/slim">
<record>
  <controlfield tag="001">234208</controlfield>
  <controlfield tag="005">20200923173110.0</controlfield>
  <datafield tag="024" ind1="7" ind2=" ">
    <subfield code="a">G:(DE-Juel1)metis_20200501</subfield>
    <subfield code="2">I:(DE-Juel1)JSC-20090406</subfield>
  </datafield>
  <datafield tag="035" ind1=" " ind2=" ">
    <subfield code="a">G:(DE-Juel1)metis_20200501</subfield>
  </datafield>
  <datafield tag="150" ind1=" " ind2=" ">
    <subfield code="a">Determining the Impact of Complexity Reduction Methods in Energy Systems Optimization</subfield>
    <subfield code="y">2020-05-01 - 2021-04-30</subfield>
  </datafield>
  <datafield tag="371" ind1=" " ind2=" ">
    <subfield code="a">Kotzur, Leander</subfield>
    <subfield code="c">Forschungszentrum Jülich GmbH</subfield>
    <subfield code="b">Jülich</subfield>
    <subfield code="e">52428</subfield>
    <subfield code="d">Germany</subfield>
  </datafield>
  <datafield tag="372" ind1=" " ind2=" ">
    <subfield code="a">Determining the Impact of Complexity Reduction Methods in Energy Systems Optimization</subfield>
    <subfield code="s">2020-05-01</subfield>
    <subfield code="t">2021-04-30</subfield>
  </datafield>
  <datafield tag="510" ind1="1" ind2=" ">
    <subfield code="a">VSR/JARA</subfield>
    <subfield code="w">t</subfield>
  </datafield>
  <datafield tag="680" ind1=" " ind2=" ">
    <subfield code="a">JSC computation time grant</subfield>
  </datafield>
  <datafield tag="681" ind1=" " ind2=" ">
    <subfield code="a">408 - Electrical Engineering and Information Technology</subfield>
  </datafield>
  <datafield tag="909" ind1="C" ind2="O">
    <subfield code="o">oai:juser.fz-juelich.de:884640</subfield>
    <subfield code="p">authority:GRANT</subfield>
    <subfield code="p">authority</subfield>
  </datafield>
  <datafield tag="980" ind1=" " ind2=" ">
    <subfield code="a">G</subfield>
  </datafield>
  <datafield tag="980" ind1=" " ind2=" ">
    <subfield code="a">AUTHORITY</subfield>
  </datafield>
  <datafield tag="909" ind1="C" ind2="O">
    <subfield code="o">oai:juser.fz-juelich.de:884640</subfield>
  </datafield>
</record>
</collection>